| 000 | 00442cam a22001577a 4500 | ||
|---|---|---|---|
| 008 | 180718b1991 xxu||||| |||| 00| 0 eng d | ||
| 020 | _a9073625025 | ||
| 082 | _aT2 P282 | ||
| 100 | _aPauli, Gunter | ||
| 245 |
_aDouble-digit growth : how to achieve it with services _cby Gunter Pauli |
||
| 260 |
_aBelgium _bPauli Publishing _c1991 |
||
| 300 | _a146p. | ||
| 650 | _aEconomic Development | ||
| 650 | _aService Industry | ||
| 650 | _aIndustry | ||
| 999 |
_c334998 _d334998 |
||